| 000 | 00330nam a22001217a 4500 | ||
|---|---|---|---|
| 999 |
_c17664 _d17664 |
||
| 008 | 221129b ||||| |||| 00| 0 eng d | ||
| 100 |
_aAmorado, Ronnie V. _eauthor. _93620 |
||
| 245 |
_a@tech / _cRonnie V. Amorado. |
||
| 260 | _cNovember 25, 2022. | ||
| 300 |
_a1 page : _billustration. |
||
| 650 | _2Investment. | ||
| 942 |
_2ddc _cPER |
||